000 00534nam a2200217Ia 4500
003 OSt
005 20220924133652.0
006 a|||||r|||| 00| 0
007 ta
008 220923b |||||||| |||| 00| 0 snd d
024 _a267774
037 _cTextual
040 _aARTS
_cARTS
_bsnd
041 _2snd
_asnd
082 _aV233:1:N5, 1593J2
100 _aSaid
_9207025
245 0 _aNayi sind ldi jaddo jehad
260 _c1952
942 _hV233:1:N5, 1593J2
_cTEXL
_2CC
999 _c434650
_d434650